David Copperfield's history of magic / David ... Read More
Available copies
- 3 of 3 copies available at LARL/NWRL Consortium. (Show)
- 2 of 2 copies available at Lake Agassiz Regional Library.
Current holds
0 current holds with 3 total copies.
Show Only Available Copies
| Location | Call Number / Copy Notes | Barcode | Shelving Location | Status | Due Date |
|---|---|---|---|---|---|
| Climax Public Library | 793.809 COP (Text) | 33500013489356 | Main | Available | - |
| Fosston Public Library | 793.809 COP (Text) | 33500013489349 | Main | Available | - |
Record details
- ISBN: 9781982112912
- ISBN: 1982112913
- Physical Description: 256 pages : illustrations (some colour) ; 28 cm
- Edition: First Simon & Schuster Hardcover Edition.
- Publisher: New York : Simon & Schuster, [2021]
- Copyright: © 2021.
Content descriptions
| Bibliography, etc. Note: | Includes bibliographical references and index. |
| Summary, etc.: | "An illustrated, illuminating history of magic ... Read More |
Search for related items by subject
| Subject: | Magic tricks > History. Magicians > History. Magic > History. Magic > Pictorial works. Magic. Magic tricks. Magicians. |
| Genre: | History. Pictorial works. |
| LDR | 02319cam a22005898i 4500 | ||
|---|---|---|---|
| 001 | 367355 | ||
| 003 | LARL_NWRL_CONSORTIUM | ||
| 005 | 20211105150857.0 | ||
| 008 | 210504t20212021nyua b 001 0 eng | ||
| 010 | . | ‡a 2021016783 | |
| 040 | . | ‡aDLC ‡beng ‡erda ‡cDLC ‡dOCLCO ‡dOCLCF ‡dUKMGB ‡dZGD ‡dILC ‡dCGB ‡dVP@ | |
| 015 | . | ‡aGBC1F3982 ‡2bnb | |
| 016 | 7 | . | ‡a020327621 ‡2Uk |
| 019 | . | ‡a1277506925 | |
| 020 | . | ‡a9781982112912 ‡q(hardcover) | |
| 020 | . | ‡a1982112913 ‡q(hardcover) | |
| 020 | . | ‡z9781982112936 ‡q(eBook) | |
| 035 | . | ‡a(OCoLC)1236259508 ‡z(OCoLC)1277506925 | |
| 042 | . | ‡apcc | |
| 082 | 0 | 0. | ‡a793.809 ‡223 |
| 100 | 1 | . | ‡aCopperfield, David, ‡d1956- ‡eauthor. ‡0(LARL_NWRL_CONSORTIUM)118076 |
| 245 | 1 | 0. | ‡aDavid Copperfield's history of magic / ‡cDavid Copperfield, Richard Wiseman, David Britland ; photographs by Homer Liwag. |
| 246 | 3 | 0. | ‡aHistory of magic |
| 250 | . | ‡aFirst Simon & Schuster Hardcover Edition. | |
| 264 | 1. | ‡aNew York : ‡bSimon & Schuster, ‡c[2021] | |
| 264 | 4. | ‡c© 2021. | |
| 300 | . | ‡a256 pages : ‡billustrations (some colour) ; ‡c28 cm | |
| 336 | . | ‡atext ‡btxt ‡2rdacontent | |
| 337 | . | ‡aunmediated ‡bn ‡2rdamedia | |
| 338 | . | ‡avolume ‡bnc ‡2rdacarrier | |
| 520 | . | ‡a"An illustrated, illuminating history of magic from the world's greatest and most successful magician, capturing its most audacious and inventive practitioners, and showcasing the art form's most famous artifacts housed at David Copperfield's secret museum"-- ‡cProvided by publisher. | |
| 504 | . | ‡aIncludes bibliographical references and index. | |
| 650 | 0. | ‡aMagic tricks ‡xHistory. | |
| 650 | 0. | ‡aMagicians ‡xHistory. | |
| 650 | 0. | ‡aMagic ‡xHistory. | |
| 650 | 0. | ‡aMagic ‡vPictorial works. | |
| 650 | 7. | ‡aMagic. ‡2fast ‡0(LARL_NWRL_CONSORTIUM)24943 | |
| 650 | 7. | ‡aMagic tricks. ‡2fast ‡0(LARL_NWRL_CONSORTIUM)17488 | |
| 650 | 7. | ‡aMagicians. ‡2fast ‡0(LARL_NWRL_CONSORTIUM)24951 | |
| 655 | 7. | ‡aHistory. ‡2fast | |
| 655 | 7. | ‡aPictorial works. ‡2fast | |
| 700 | 1 | . | ‡aWiseman, Richard, ‡eauthor. |
| 700 | 1 | . | ‡aBritland, David, ‡d1958- ‡eauthor. |
| 700 | 1 | . | ‡aLiwag, Homer, ‡ephotographer. |
| 901 | . | ‡a367355 ‡bOCoLC ‡c367355 ‡tbiblio ‡soclc | |

Add to basket
Permalink
Disable Highlighting